000 00375nam a22001577a 4500
003 SGT
020 _a97881909038587
082 _a610.7368
_bE10B
100 _aBALAMURUGAN, G.
245 _aELEMENTS OF MENTAL HEALTH & PSYCHIATRIC NURSING
250 _a1ST
260 _aINDIA
_bPEE VEE PUB
_c2010
300 _a217
650 _aMENTAL HEALTH NURSING
942 _2ddc
_cBK
999 _c34888
_d34888